书目信息 |
| 题名: |
影像中的国
|
|
| 作者: | 李玉霄 , 沈洪 编著 | |
| 分册: | ||
| 出版信息: | 北京 中信出版社 2013.07 |
|
| 页数: | 351页 | |
| 开本: | 23cm | |
| 丛书名: | 中国国家地理 | |
| 单 册: | ||
| 中图分类: | K250.9 | |
| 科图分类: | ||
| 主题词: | 中国历史--近代史--通俗读物 , 中国历史--现代史--通俗读物 , 中国历史 , 近代史 , 现代史 | |
| 电子资源: | ||
| ISBN: | 978-7-5086-4046-4 | |
| 000 | 01108nam0 22003131 450 | |
| 001 | 519 | |
| 005 | 20140910105704.34 | |
| 010 | @a978-7-5086-4046-4@dCNY49.80 | |
| 100 | @a20130725d2013 em y0chiy0110 ea | |
| 101 | 0 | @achi |
| 102 | @aCN@b110000 | |
| 105 | @aa z 000yy | |
| 106 | @ar | |
| 200 | 1 | @a影像中的国@AYing Xiang Zhong De Guo@f李玉霄,沈洪编著@FLi Yu Xiao, Shen Hong Bian Zhu |
| 210 | @a北京@c中信出版社@d2013.07 | |
| 215 | @a351页@c照片@d23cm | |
| 225 | 2 | @a中国国家地理 |
| 330 | @a本书是一本以文字加配图的形式记录上世纪30年代以来几十年的社会变迁的历史类通俗读物。本书以新中国成立后的摄影行业的发展为主线,通过讲述沙飞等26余位摄影家的摄影过程记录了很多具有历史里程碑意义的图片和故事,也呈现了时代感的人物和国家发展的命运。 | |
| 461 | 0 | @12001 @a中国国家地理 |
| 606 | 0 | @a中国历史@x近代史@j通俗读物 |
| 606 | 0 | @a中国历史@x现代史@j通俗读物 |
| 606 | 0 | @a中国历史 |
| 606 | 0 | @a近代史 |
| 606 | 0 | @a现代史 |
| 690 | @aK250.9@v5 | |
| 701 | 0 | @a李玉霄@ALi Yu Xiao@4编著 |
| 701 | 0 | @a沈洪@AShen Hong@4编著 |
| 801 | 0 | @aCN@bTANGWEI@c20140603 |
| 905 | @b0837618-20@dK250.9@e188@f3 | |
| 影像中的国/李玉霄,沈洪编著.-北京:中信出版社,2013.07 |
| 351页:照片;23cm.-(中国国家地理) |
| ISBN 978-7-5086-4046-4:CNY49.80 |
| 本书是一本以文字加配图的形式记录上世纪30年代以来几十年的社会变迁的历史类通俗读物。本书以新中国成立后的摄影行业的发展为主线,通过讲述沙飞等26余位摄影家的摄影过程记录了很多具有历史里程碑意义的图片和故事,也呈现了时代感的人物和国家发展的命运。 |
| ● |
| 相关链接 |
|
|
|
|
正题名:影像中的国
索取号:K250.9/188
 
预约/预借
| 序号 | 登录号 | 条形码 | 馆藏地/架位号 | 状态 | 备注 |
| 1 | 0837618 | 208376185 | 第二样本阅览室/ [索取号:K250.9/188] | 在馆 | |
| 2 | 0837619 | 208376194 | 密集书库-物理学院/ [索取号:K250.9/188] | 在馆 | |
| 3 | 0837620 | 208376201 | 第二借阅区/ [索取号:K250.9/188] | 在馆 |